00540nam a2200205 a 4500001001300000003000900013005001700022008004100039020001000080082001700090100002100107245006200128260002800190300000900218500003500227505001700262650001800279650001600297700002100313nice12345678IN_TiNIC20260116012736.0050524s1993 meea grp 000 0 eng  ac11000a954.022bMIS aMisra, Ram Gopal aIndian Resistance to Early Muslim Invaders Up to 1206 A.D aMeerutbAnu Booksc1993 a144p aincludes index and biblioraphy2 aBibliography aIndia-History aIslam-India1 aMisra, Ram Gopal